عرض عادي
عرض مارك
- مظهر، منيرة محمد
مدخل إسم شخص
001 - رقم الضبط
- حقل الضبط: 63191
003 - معرف رقم الضبط
- حقل الضبط: OSt
005 - تاريخ ووقت أخر عملية
- حقل الضبط: 20180427133821.0
008 - عناصر بيانات ثابتة الطول
- حقل تحكم ثابت الطول: 180427|| aca||aabn | a|a d
040 ## - مصدر الفهرسة
- هيئة الفهرسة الأصلية: OSt
- وكالة الكتابة: OSt
100 ## - مدخل -- أسم شخص
- إسم شخص: مظهر، منيرة محمد
670 ## - بيانات المصدر موجوده
- الاستشهاد بالمصدر: Work cat.: (OSt): مظهر، منيرة محمد, تأثير ما وراء البيانات علي كفاءة استرجاع مقالات الدوريات الالكترونية العربية /, 2018.
